header

Unholy wars (Record no. 11684)

MARC details
000 -LEADER
fixed length control field 01452nam a2200361 a 4500
082 04 - DEWEY DECIMAL CLASSIFICATION NUMBER
Classification number 958.104/5
100 1# - MAIN ENTRY--AUTHOR NAME
Personal name Cooley, John K.,
245 10 - TITLE STATEMENT
Title Unholy wars
250 ## - EDITION STATEMENT
Edition statement New ed.
260 ## - PUBLICATION, DISTRIBUTION, ETC. (IMPRINT)
Place of publication London ;
-- Sterling, Va. :
Name of publisher Pluto Press,
Year of publication 2000.
300 ## - PHYSICAL DESCRIPTION
Number of Pages xiii, 299 p. :
Other physical details maps.
650 #0 - SUBJECT ADDED ENTRY--TOPICAL TERM
Topical Term Espionage, American
Topical Term Terrorism.
856 40 - ELECTRONIC LOCATION AND ACCESS
Uniform Resource Identifier http://site.ebrary.com/lib/rucke/Doc?id=10015413

No items available.

© 2026 Rongo University
Contact us: librarian | system librarian | Rongo university